Teória a prax riadenia zmien v podnikovej sfére. 1
Stratégie zmeny a podmienky ich použitia. Krízové stavy podniku. Faktory ovpyvňujúce vznik zmien. Zmena - ako proces. Riadenie zmien v podnikovej sfére.
Gespeichert in:
| 1. Verfasser: | |
|---|---|
| Format: | Buchkapitel |
| Sprache: | Slowakisch |
| Schlagworte: | |
| Tags: |
Keine Tags, Fügen Sie das erste Tag hinzu!
|
MARC
| LEADER | 00000naa a2200000 4500 | ||
|---|---|---|---|
| 001 | r022012 | ||
| 005 | 20240502071328.0 | ||
| 041 | 0 | |a slo | |
| 044 | |a SK | ||
| 245 | 1 | 0 | |a Teória a prax riadenia zmien v podnikovej sfére. 1 |c Štefan Slávik |
| 520 | |a Stratégie zmeny a podmienky ich použitia. Krízové stavy podniku. Faktory ovpyvňujúce vznik zmien. Zmena - ako proces. Riadenie zmien v podnikovej sfére. | ||
| 610 | 2 | 0 | |a riadenie |
| 610 | 2 | 0 | |a podnik |
| 610 | 2 | 0 | |a zmeny organizačné |
| 610 | 2 | 0 | |a prostredie podnikové |
| 610 | 2 | 0 | |a transformácia |
| 610 | 2 | 0 | |a rentabilita |
| 610 | 2 | 0 | |a likvidácia |
| 610 | 2 | 0 | |a marketing |
| 610 | 2 | 0 | |a technológie nové |
| 610 | 2 | 0 | |a financie |
| 610 | 2 | 0 | |a štruktúra podniku organizačná |
| 610 | 2 | 0 | |a personalistika |
| 100 | 1 | |a Slávik, Štefan, 1955- | |